| 000 | 00675nam a22002417a 4500 | ||
|---|---|---|---|
| 003 | EC-GqESP | ||
| 005 | 20250825140154.0 | ||
| 008 | 250825b |||||||| |||| 00| 0 eng d | ||
| 020 | _a978-1-105-06258-2 | ||
| 041 | _aeng | ||
| 082 |
_a006.77 _pGIO |
||
| 100 | _aGiovagnoli, Max | ||
| 245 |
_aTransmedia Storytelling : imagery, shapes and techniques _cMax Giovagnoli |
||
| 250 | _aFirst edition | ||
| 260 |
_aPittsburgh _bETC Press _c2011 |
||
| 300 |
_a147 páginas _c23 cm. |
||
| 504 | _aIncluye referencia bibliográfica | ||
| 650 | _a Interactive multimedia | ||
| 650 | _aData processing | ||
| 650 | _aStorytelling | ||
| 902 |
_aLibro _cImpreso |
||
| 942 | _c01 | ||
| 999 |
_c238112 _d238112 |
||